000 00769nam a2200193 4500
005 20260108111307.0
008 260108b |||||||| |||| 00| 0 eng d
020 _a9780415101691
_qhbk
041 _aeng
082 _a301.01
_bSAN.2
100 _aSandywell,Barry
245 _aThe Bedinnings of European Theorizing;Reflexivity in the Archaic Age
_bLogological investigations volume 2
_cBarry Sandywell
260 _aLondon
_bRoutledge
_c1996
300 _a429 p.
_b24 cm.
504 _aindex
520 _aIn this third volume of Logological Investigations Sandywell continues his sociological reconstruction of reflexive thought with reference to pre-Socratic philosophy and science and their socio-
650 _aPre-Socratic philosophers
942 _cENGLISH
999 _c607557
_d607557